Kliknij tylko zadymiarzy,którzy są Snajperami -nagła śmierć. - Statystyki

Ogólne statystyki
  • Ten quiz został rozwiązany 13 razy
    9 od ostatniego zresetowania
  • Średni wynik to 5 z 11
Answers on the Grid
Answers color-coded by a green-red scale on the quiz's grid according to % correct below.
Piper
Kenji
R-T
Moe
Kaze
Janet
Bonnie
Gray
Mortis
Brock
Shelly
Maisie
Mandy
Ollie
Nani
Kit
Belle
Tick
Glowbert
Bea
Grom
Pierce
Kiełek
Colt
El primo
Meeple
Bull
Angelo
 
Statystyki odpowiedzi
Odpowiedź % Poprawnych
Piper
100%
Bea
80%
Belle
80%
Janet
60%
Mandy
60%
Brock
40%
Maisie
40%
Angelo
20%
Bonnie
20%
Nani
20%
Pierce
20%
Nie znaleziono quizów pasujących do podanych kryteriów
Rozkład punktacji
Procent ludzi z każdym wynikiem
Percentyl według liczby udzielonych odpowiedzi
Twoja historia wyników
Nie rozwiązałeś tego quizu od ostatniego zresetowania